| 000 | 00695nam a2200205 a 4500 | ||
|---|---|---|---|
| 001 | 000002435 | ||
| 005 | 20200929150208.0 | ||
| 008 | 090702s1998 sp 001 0 spa d | ||
| 020 | _a8489384185 | ||
| 040 |
_aDO-SdBNP _bspa _cBNPHU |
||
| 082 |
_axxxx _bG943 |
||
| 245 | 0 | 0 |
_aGuía práctica de la biblioteca escolar / : _bCatherine Jordi ; traducción María Jesús Illescas ... [ et al.]. |
| 260 |
_aMadrid : _bFundación Germán Sánchez Ruipérez, _c1998. |
||
| 300 |
_a272 p. : _bil. ; _c25 cm. |
||
| 500 | _aIncluye índice | ||
| 504 | _aBibliografîa : p. 268-271 | ||
| 700 | 0 |
_aCaro, Carmen, _etr. _97704 |
|
| 700 | 0 |
_aGarralón, Ana, _etr. _97705 |
|
| 700 | 0 |
_aIllescas, María , _etr. _97706 |
|
| 999 |
_c2271 _d2271 |
||